000 00911nam a2200205 4500
001 174670
003 ES-MaACL
005 20230906215620.0
008 100514s1997 sp |||| |bspa d
017 _aBA 151-1997
020 _a84-7930-065-5
080 _a929 Encomienda, Mariano Fernández-Daza y Fernández de Córdova, Marqués de la (082.2)
245 0 0 _aHomenaje al Excmo. Sr. Don Mariano Fernández-Daza y Fernández de Córdova, IX Marqués de la Encomienda
_b: Almendralejo, 26 de noviembre de 1996.
260 _aAlmendralejo :
_bCultural Santa Ana,
_c1997.
300 _a83 p. :
_b1 retr. ;
_c23 cm.
600 1 4 _aEncomienda, Mariano Fernández-Daza y Fernández de Córdova
_cMarqués de la-
_vHomenajes.
_9142879
700 1 _aEncomienda, Mariano Fernández-Daza y Fernández de Córdova,
_cMarqués de la.
_9142877
710 2 _aCultural Santa Ana.
_9142880
852 4 _aES-MaACL
_jC-57219
999 _c174670
_d174670